00352nam a2200145Ia 4500008004000000041000800040082001200048100001700060245003200077260005300109650001000162650001400172650001400186650000600200210210b1935 xxu||||| |||| 00| 0 eng d aeng a822/116 aBENSON (E F) aWere: A victorian peep-show aLondonbLongmans Green and Company Limitedc1935 aWere: avictorian apeep-show aA